Перейти до змісту

Актуальные проблемы уголовного права (механизм правового регулирования) учебное пособие

В учебном пособии рассматриваются проблемы учения о предмете и методе уголовного права и механизме уголовно- правового регулирования в законодательном и правоприменительном аспектах. Исследуются понятия стадии уголовно-правового регулирования, определяется их соотношение со смежными категориями. Осо...

Повний опис

Збережено в:
Бібліографічні деталі
Автор: Грошев А. В.
Формат: Книга
Мова:Russian
Опубліковано: Краснодар КубГАУ 2018
Предмети:
Онлайн доступ:https://e.lanbook.com/book/446321
https://e.lanbook.com/img/cover/book/446321.jpg
Теги: Додати тег
Немає тегів, Будьте першим, хто поставить тег для цього запису!
LEADER 02770nam0a2200361 i 4500
001 446321
003 RuSpLAN
005 20250516154040.0
008 250516s2018 ru gs 000 0 rus
020 |a 978-5-9905678-5-6 
040 |a RuSpLAN 
041 0 |a rus 
044 |a ru 
080 |a 343 (075.8) 
084 |a 67.408  |2 rubbk 
245 0 0 |a Актуальные проблемы уголовного права (механизм правового регулирования)  |b учебное пособие  |c Грошев А. В. 
260 |a Краснодар  |b КубГАУ  |c 2018 
300 |a 84 с. 
504 |a Библиогр.: доступна в карточке книги, на сайте ЭБС Лань 
520 8 |a В учебном пособии рассматриваются проблемы учения о предмете и методе уголовного права и механизме уголовно- правового регулирования в законодательном и правоприменительном аспектах. Исследуются понятия стадии уголовно-правового регулирования, определяется их соотношение со смежными категориями. Особое внимание уделяется роли профессионального правосознания в криминализации общественно-опасных деяний и применению норм уголовного законодательства. Предназначено для обучающихся по направлению 40.04.01 Юриспруденция, направленность подготовки «Уголовное право, криминология, уголовно-исполнительное право», «Теория и практика расследования преступлений» (программы магистратуры). 
521 8 |a Книга из коллекции КубГАУ - Право. Юридические науки 
521 8 |a СЭБ 
653 0 |a уголовно-правовое регулирование 
653 0 |a механизм уголовно-правового регулирования 
653 0 |a криминализация 
653 0 |a правосознание 
653 0 |a применение норм уголовного права 
653 0 |a правотворчество 
653 0 |a правоприменение 
100 1 |a Грошев А. В. 
856 4 |u https://e.lanbook.com/book/446321 
856 4 8 |u https://e.lanbook.com/img/cover/book/446321.jpg 
953 |a https://e.lanbook.com/img/cover/book/446321.jpg